Islam, Europe and Empire / (Record no. 20337)

MARC details
000 -LEADER
fixed length control field 01180cam a22003251 4500
001 - CONTROL NUMBER
control field 6120208
003 - CONTROL NUMBER IDENTIFIER
control field BDDh-ASL
005 - DATE AND TIME OF LATEST TRANSACTION
control field 20231015025857.0
008 - FIXED-LENGTH DATA ELEMENTS--GENERAL INFORMATION
fixed length control field 740709s1966 stkacfh b 000 0 eng
010 ## - LIBRARY OF CONGRESS CONTROL NUMBER
LC control number 65022498
015 ## - NATIONAL BIBLIOGRAPHY NUMBER
National bibliography number B67-3717
035 ## - SYSTEM CONTROL NUMBER
System control number (OCoLC)939448
040 ## - CATALOGING SOURCE
Original cataloging agency DLC
Transcribing agency OTU
Modifying agency OCoLC
-- Uk
-- DLC
-- BDDh-ASL
050 00 - LIBRARY OF CONGRESS CALL NUMBER
Classification number DS63
Item number .D3
082 ## - DEWEY DECIMAL CLASSIFICATION NUMBER
Classification number 297.0942
Item number DAI
100 1# - MAIN ENTRY--PERSONAL NAME
Personal name Daniel, Norman.
245 10 - TITLE STATEMENT
Title Islam, Europe and Empire /
260 ## - PUBLICATION, DISTRIBUTION, ETC.
Place of publication, distribution, etc. Edinburgh:
Name of publisher, distributor, etc. Edinburgh U.P.
Date of publication, distribution, etc. [1966]
300 ## - PHYSICAL DESCRIPTION
Extent xx, 619 p.
Other physical details illus., 34 plates (incl. facsims., ports.)
Dimensions 23 cm.
490 1# - SERIES STATEMENT
Series statement [Edinburgh University publications; language and literature series,
Volume/sequential designation no. 15]
504 ## - BIBLIOGRAPHY, ETC. NOTE
Bibliography, etc. note Bibliography: p. 566-594.
650 #0 - SUBJECT ADDED ENTRY--TOPICAL TERM
Topical term or geographic name entry element Islam
General subdivision Relations
-- Christianity.
650 #0 - SUBJECT ADDED ENTRY--TOPICAL TERM
Topical term or geographic name entry element Christianity and other religions
General subdivision Islam.
651 #0 - SUBJECT ADDED ENTRY--GEOGRAPHIC NAME
Geographic name Islamic countries
General subdivision Foreign public opinion, European.
651 #0 - SUBJECT ADDED ENTRY--GEOGRAPHIC NAME
Geographic name Europe
General subdivision Relations
Geographic subdivision Islamic countries.
651 #0 - SUBJECT ADDED ENTRY--GEOGRAPHIC NAME
Geographic name Islamic countries
General subdivision Relations
Geographic subdivision Europe.
810 2# - SERIES ADDED ENTRY--CORPORATE NAME
Corporate name or jurisdiction name as entry element University of Edinburgh.
Title of a work Edinburgh University publications; language and literature ;
Volume/sequential designation 15.
906 ## - LOCAL DATA ELEMENT F, LDF (RLIN)
a 7
b cbc
c oclcrpl
d u
e ncip
f 19
g y-gencatlg
942 ## - ADDED ENTRY ELEMENTS (KOHA)
Source of classification or shelving scheme Dewey Decimal Classification
Koha item type Books
Holdings
Withdrawn status Lost status Source of classification or shelving scheme Damaged status Not for loan Collection code Home library Current library Shelving location Date acquired Source of acquisition Total Checkouts Full call number Barcode Date last seen Copy number Price effective from Koha item type
    Dewey Decimal Classification     Non-fiction Asiatic Society Library Asiatic Society Library General Stacks 12/29/2020 ASB Collection   297.0942 DAI 103761 12/29/2020 C-1 12/29/2020 Books

Powered by Koha